00306nam a2200133Ia 4500003000500000008004100005040001900046082000700065100001500072245002600087260004000113300000700153546001200160STCL181203s9999 xx 000 0 und d aSTCLbENcSTCL 222 aMar, Aprem 0aLaugh with the Bishop bBetter Yourself BooksaMumbaic2007 a93 aEnglish